| 000 | 00520nam a22001577a 4500 | ||
|---|---|---|---|
| 999 |
_c8916 _d8916 |
||
| 008 | 210304b ||||| |||| 00| 0 eng d | ||
| 040 | _aBMS College of Architecture Visvesvaraya Tenhnological University (VTU) | ||
| 100 | _aKar, Sornil | ||
| 245 | _aBangalore school of Architecture | ||
| 300 | _a44p. | ||
| 500 | _a1BM05AT049 | ||
| 502 |
_8B.Arch _NBMS College of Architecture, Visvesvaraya Technological University (VTU) _aProject Report _d2014 |
||
| 650 | _aArchitecture | ||
| 700 | _aShanthla V | ||
| 942 |
_2ddc _cTHE |
||